logo

Bir Sreshtho Munshi Abdur Rouf Library
Jhenaidah Cadet College

ইউরোপ বিজয় / (Record no. 9157)

MARC details
000 -LEADER
fixed length control field 00589nam a22001937a 4500
003 - CONTROL NUMBER IDENTIFIER
JCCL marc code OSt
005 - DATE AND TIME OF LATEST TRANSACTION
control field 20180310113956.0
008 - FIXED-LENGTH DATA ELEMENTS--GENERAL INFORMATION
fixed length control field 180310b1964 bg ||||| |||| 00| 0 ben d
035 ## - SYSTEM CONTROL NUMBER
system control number (BD-JhCC)
040 ## - CATALOGING SOURCE
Original cataloging agency BD-JhCC
Modifying agency BD-JhCC
041 ## - LANGUAGE CODE
Language code of Book eng
100 ## - MAIN ENTRY--PERSONAL NAME
Personal name ল্যাম্ব, হ্যারল্ড
245 ## - TITLE STATEMENT
Title ইউরোপ বিজয় /
Statement of responsibility, etc হ্যারল্ড ল্যাম্ব
260 ## - PUBLICATION, DISTRIBUTION, ETC. (IMPRINT)
Place of publication, distribution, etc ঢাকা:
Name of publisher, distributor, etc মদীনা পাবলিকেশন্স
Date of publication, distribution, etc 1964.
300 ## - PHYSICAL DESCRIPTION
Pagination 253 p. :
Dimensions 21 cm.
650 ## - SUBJECT ADDED ENTRY--TOPICAL TERM
Topical term or geographic name as entry element War
Geographic subdivision Europe
942 ## - ADDED ENTRY ELEMENTS (KOHA)
Source of classification or shelving scheme Dewey Decimal Classification
Koha item type Books

No items available.


JCC Library | Contacts | JCC Home

Last Update on 23 September 2017
Copyright @ 2017-2020 JCC Rouf Library
Rouf Library, Jhenidah Cadet College (JCC), Bangladesh